NCAA Institutions in Kansas - Statistics

General Stats
  • This quiz has been taken 23 times
  • The average score is 5 of 8
Answer Stats
Conference School Team Name % Correct
Division I Big 12 Kansas Jayhawks
100%
Division I Big 12 Kansas State Wildcats
100%
Division I The American Wichita State Shockers
93%
Division II MIAA Pittsburg State Gorillas
67%
Division II MIAA Emporia State Hornets
47%
Division II MIAA Fort Hays State Tigers
47%
Division II MIAA Washburn Ichabods
47%
Division II MIAA Newman Jets
40%
No matching quizzes found
Score Distribution
Percent of People with Each Score
Percentile by Number Answered
Your Score History
You have not taken this quiz